SUITABLE BOY (Record no. 6005)

MARC details
000 -LEADER
fixed length control field 00530nam a2200265Ia 4500
001 - CONTROL NUMBER
control field 071241
003 - CONTROL NUMBER IDENTIFIER
control field YMCAF
005 - DATE AND TIME OF LATEST TRANSACTION
control field 20230512160717.0
008 - FIXED-LENGTH DATA ELEMENTS--GENERAL INFORMATION
fixed length control field 100717s1993 ||||||||||||||||| ||und|d
020 ## - INTERNATIONAL STANDARD BOOK NUMBER
International Standard Book Number -
024 ## - OTHER STANDARD IDENTIFIER
Standard number or code 71241
035 ## - SYSTEM CONTROL NUMBER
System control number 10704
040 ## - CATALOGING SOURCE
Original cataloging agency YMCAF
Language of cataloging eng
Transcribing agency IN-KoLT
041 ## - LANGUAGE CODE
Language code of text/sound track or separate title eng
082 ## - DEWEY DECIMAL CLASSIFICATION NUMBER
Classification number 823
Item number SET
100 ## - MAIN ENTRY--PERSONAL NAME
Personal name SETH, VIKRAM
245 #0 - TITLE STATEMENT
Title SUITABLE BOY
250 ## - EDITION STATEMENT
Edition statement -
260 ## - PUBLICATION, DISTRIBUTION, ETC.
Name of publisher, distributor, etc. -
Date of publication, distribution, etc. 1993
300 ## - PHYSICAL DESCRIPTION
Extent 1349
653 ## - INDEX TERM--UNCONTROLLED
Uncontrolled term Fiction
653 ## - INDEX TERM--UNCONTROLLED
Uncontrolled term General
653 ## - INDEX TERM--UNCONTROLLED
Uncontrolled term Novel
942 ## - ADDED ENTRY ELEMENTS (KOHA)
Source of classification or shelving scheme Dewey Decimal Classification
Koha item type Books
Holdings
Withdrawn status Lost status Damaged status Not for loan Home library Current library Date acquired Cost, normal purchase price Total Checkouts Barcode Date last seen Cost, replacement price Price effective from Koha item type Public note G
        JC Bose University of Science & Technology JC Bose University of Science & Technology 17/07/2010 500.00   10704 12/05/2023 500.00 12/05/2023 Books C 887942